Selfsimilar processes

Αποθηκεύτηκε σε:
Λεπτομέρειες βιβλιογραφικής εγγραφής
Κύριος συγγραφέας: Embrechts, Paul 1953-
Άλλοι συγγραφείς: Maejima, Makoto
Μορφή: Βιβλίο
Γλώσσα:English
Δημοσίευση: Princeton, N.J. : Princeton University Press, c2002
Σειρά:Princeton series in applied mathematics
Θέματα:
Ετικέτες: Προσθήκη ετικέτας
Δεν υπάρχουν, Καταχωρήστε ετικέτα πρώτοι!

MARC

LEADER 00000nam a2200000 i 4500
001 1/100548
008 090203s2002 eng d
020 |a 0-691-09627-9 
035 |l 10102897 
040 |a GR-MY-UA  |b gre  |e aacr 
041 0 |a eng 
082 0 |a 519.24  |2 (22) 
100 1 |a Embrechts, Paul  |d 1953- 
245 1 0 |a Selfsimilar processes /  |c Paul Embrechts and Makoto Maejima 
260 |a Princeton, N.J. :   |b Princeton University Press,   |c c2002 
300 |a x, 111 σ.;  |b εικ.;  |c 25 εκ. 
490 1 |a Princeton series in applied mathematics 
504 |a Περιέχει βιβλιογραφικές παραπομπές (σ. [101]-108) και ευρετήριο 
650 0 0 |a Self-similar processes. 
650 0 0 |a Distribution (Probability theory) 
700 1 |a Maejima, Makoto. 
830 0 |a Princeton series in applied mathematics 
852 |a INST  |b SAMOS  |e 20090203  |h 519.24 EMB  |p 005300029466  |q 005300029466  |t BK  |y 0 
901 |a BIBL3-2009-1 
909 |a Σ  |b 155505 
922 |a 3ΕΛΗ  |b 200808  |c ΕΠΕΑΕΚ2/ΤΜΗΜΑ ΜΑΘΗΜΑΤΙΚΩΝ-ΠΡΟΠΤΥΧΙΑΚΟ  |d ΜΙΧΑΛΟΠΟΥΛΟΣ 
970 |a ΡΟΥΣΣΟΥ  |b ΚΩΝΣΤΑΝΤΙΝΑ  |z 2009/02/03